000 00915nam a2200325Ia 4500
001 9427
003 IT-RoPAU
008 130308s9999 xx 000 0 und d
040 _aIT-RoPAU
040 _cIT-RoPAU
041 _aITALIANO
100 _aMaccheroni Carlo
100 _gCodice Aut. SPICS: 4396
245 _aFonti per le rcerche di marketing (Le)
245 _bManuale di Marketing
250 _a1a ed.
260 _aMILANO
260 _bISEDI
260 _c1972 [1° Ed.:1972 - Ed.Ling.Originale:1972]
300 _a"79 p. (prefazione: no ; testo: 79 [pagine: 0-0])"
500 _aEnti Dati Statistici informazioni in Genere pubblicazione Istat pubblicazioni Varie
650 _aENCICLOPEDIE DI MARKETING
650 _eCodice materia Spics: 6451
700 _aPeccati Lorenzo
700 _gCodice Aut. SPICS: 2788
942 _cBK
957 _71
999 _c49109
_d49109
999 _bSI
999 _g1